000 00787nam a2200241Ia 4500
003 GCL
008 140319s9999 xx 000 0 ara d
040 _aGCL /
_cGCL
082 0 4 _a811.009
_bم ق
100 1 _aمحمد عبدالمطلب
245 1 0 _aقراءات اسلوبية فى الشعر الحديث /
_cمحمد عبدالمطلب
260 _a[S.N] :
_bالهيئة المصرية العامة للكتاب ،
_c1995
300 _a263 ص
490 _aدراسات ادبية
_v0
650 0 4 _aالشعر العربى
650 0 4 _aالادب العربى
650 0 4 _aالعصر الحديث
650 0 4 _aالنحو
650 0 4 _aالاسلوب , علم
650 0 4 _aاللغة العربية
650 0 4 _aالبلاغة العربية
942 _2ddc
_cBK
999 _c37091
_d37091